[Event "Olginka Orbit op"]
[Site "Olginka"]
[Date "2022.08.23"]
[Round "8"]
[White "Irkha, Alexey"]
[Black "Aleksandrov, Danila"]
[Result "0-1"]
[WhiteElo "2068"]
[BlackElo "2131"]
[PlyCount "58"]
[EventDate "2022.08.16"]
[EventType "swiss"]
[EventRounds "9"]
[EventCountry "RUS"]
[SourceTitle "CBM 209 Extra"]
[Source "ChessBase"]
[SourceDate "2022.09.30"]
[SourceVersion "1"]
[SourceVersionDate "2022.09.30"]
[SourceQuality "1"]

1. d4 d5 2. c4 c6 3. Nf3 Nf6 4. Nc3 e6 5. e3 Nbd7 6. Qc2 Bd6 7. g4 dxc4 8. Bxc4 e5 9. g5 Nd5 10. Bxd5 cxd5 11. Nxd5 0-0 12. Bd2 exd4 13. exd4 Nb6 14. Ne3 Bd7 15. h4 Bc6 16. Qd1 Qe8 17. Rg1 Nd5 18. Ne5 Bxe5 19. dxe5 Qxe5 20. Rg3 Rad8 21. Qc2 Bb5 22. Qb3 Nf4 23. Qc3 Rd4 24. Qa3 Nd3+ 25. Kf1 Nxf2+ 26. Kxf2 Rxd2+ 27. Kf3 Be2+ 28. Kf2 Bh5+ 29. Ke1 Re2+ 0-1

[Event "Olginka Orbit op"]
[Site "Olginka"]
[Date "2022.08.19"]
[Round "4"]
[White "Irkha, Alexey"]
[Black "Gochelashvili, David"]
[Result "0-1"]
[WhiteElo "2068"]
[BlackElo "2346"]
[PlyCount "99"]
[EventDate "2022.08.16"]
[EventType "swiss"]
[EventRounds "9"]
[EventCountry "RUS"]
[SourceTitle "CBM 209 Extra"]
[Source "ChessBase"]
[SourceDate "2022.09.30"]
[SourceVersion "1"]
[SourceVersionDate "2022.09.30"]
[SourceQuality "1"]

1. d4 Nf6 2. Nf3 g6 3. c4 Bg7 4. g3 0-0 5. Bg2 d6 6. Nc3 Nbd7 7. 0-0 e5 8. e4 exd4 9. Nxd4 Re8 10. Re1 a5 11. h3 Nc5 12. Qc2 a4 13. Be3 c6 14. Kh2 h5 15. Rad1 Qa5 16. Bf4 Bf8 17. f3 Nfd7 18. Bf1 Ne5 19. Kg2 Ne6 20. Be3 Nxd4 21. Bxd4 Qb4 22. f4 Nd7 23. Nb1 Nc5 24. Bc3 Qb6 25. Nd2 d5 26. cxd5 cxd5 27. Bd4 Qc6 28. e5 Bf5 29. Qc3 Rec8 30. Rc1 Qd7 31. Qe3 Bxh3+ 32. Kh2 Bxf1 33. Rxf1 Ne6 34. f5 Nxd4 35. Rxc8 Nxf5 36. Rxf5 Rxc8 37. Rf6 Rc6 38. Rxc6 bxc6 39. Nf3 Be7 40. b3 c5 41. e6 Qxe6 42. Qxe6 fxe6 43. bxa4 c4 44. a5 c3 45. Ne1 Bc5 46. Kg2 e5 47. Nd3 c2 48. Kf1 e4 49. Nc1 d4 50. Ke1 0-1

[Event "St Petersburg Korchnoi Memorial op"]
[Site "St Petersburg"]
[Date "2019.08.15"]
[Round "2"]
[White "Tologontegin, Semetey"]
[Black "Irkha, Alexey"]
[Result "1-0"]
[WhiteElo "2386"]
[BlackElo "2154"]
[PlyCount "177"]
[EventDate "2019.08.14"]
[EventType "swiss"]
[EventRounds "9"]
[EventCountry "RUS"]
[SourceTitle "CBM 192"]
[Source "ChessBase"]
[SourceDate "2019.10.31"]
[SourceVersion "1"]
[SourceVersionDate "2019.10.31"]
[SourceQuality "1"]

1. c4 c5 2. Nc3 g6 3. g3 Bg7 4. Bg2 Nc6 5. b3 e6 6. Ba3 d6 7. e3 Nge7 8. Nge2 0-0 9. 0-0 Qa5 10. Bb2 d5 11. cxd5 exd5 12. Qc1 Rd8 13. Nf4 d4 14. Na4 b6 15. exd4 Bxd4 16. Re1 Rb8 17. Bc3 Bxc3 18. dxc3 Bb7 19. Nb2 Ba8 20. Nc4 Qa6 21. Nd2 Qc8 22. Ne4 Qc7 23. Nf6+ Kh8 24. Nh3 Ng8 25. Nd5 Qd6 26. Ng5 Rd7 27. Qb2 h6 28. c4+ Nd4 29. Ne4 Qf8 30. Rad1 Qg7 31. Nec3 Rbd8 32. b4 Nf6 33. bxc5 Nxd5 34. cxd5 bxc5 35. Qc1 Kh7 36. Re3 Qf6 37. Ne4 Qb6 38. Nxc5 Rc7 39. Rxd4 Rxc5 40. Qd2 Rb5 41. Re1 Rd6 42. a4 Rb2 43. Qe3 Rf6 44. Rf1 Bb7 45. Qe5 Rf5 46. Qe4 Ba6 47. g4 Rf6 48. a5 Qc5 49. Qe5 Rd6 50. Rf4 Rb7 51. Rd1 Rdd7 52. Rf6 Qc2 53. Bf3 Rb1 54. Rxb1 Qxb1+ 55. Kg2 Qf1+ 56. Kg3 Qg1+ 57. Bg2 Bf1 58. Qe4 Kg7 59. Rc6 Bxg2 60. Qxg2 Qxg2+ 61. Kxg2 Rxd5 62. Ra6 Rd7 63. h4 Rc7 64. Kg3 Rb7 65. f3 Rc7 66. Kf4 Re7 67. Rc6 Rb7 68. Ra6 Re7 69. Rd6 g5+ 70. hxg5 hxg5+ 71. Kf5 Re3 72. Rd7 Rxf3+ 73. Kxg5 a6 74. Rd6 f6+ 75. Kh4 Kg6 76. Rxa6 Ra3 77. Ra7 Ra4 78. Ra6 Ra3 79. Ra8 Ra4 80. Kg3 f5 81. gxf5+ Kxf5 82. a6 Ra3+ 83. Kf2 Kg6 84. Ke2 Kg7 85. Kd2 Rf3 86. Kc2 Rg3 87. Kb2 Rg4 88. Kb3 Kh7 89. Rb8 1-0

[Event "St Petersburg Korchnoi Memorial op"]
[Site "St Petersburg"]
[Date "2019.08.14"]
[Round "1"]
[White "Irkha, Alexey"]
[Black "Kobak, Polina"]
[Result "1-0"]
[WhiteElo "2154"]
[BlackElo "1560"]
[PlyCount "89"]
[EventDate "2019.08.14"]
[EventType "swiss"]
[EventRounds "9"]
[EventCountry "RUS"]
[SourceTitle "CBM 192"]
[Source "ChessBase"]
[SourceDate "2019.10.31"]
[SourceVersion "1"]
[SourceVersionDate "2019.10.31"]
[SourceQuality "1"]

1. d4 d5 2. Nf3 Nf6 3. c4 c6 4. Nc3 e6 5. e3 Nbd7 6. Qc2 Bd6 7. Bd3 0-0 8. 0-0 dxc4 9. Bxc4 a6 10. Rd1 b5 11. Be2 Qc7 12. e4 e5 13. g3 Re8 14. a3 c5 15. dxe5 Nxe5 16. Bg5 Bb7 17. Bxf6 gxf6 18. Nh4 Ng6 19. Nf5 Be5 20. Nd5 Bxd5 21. Rxd5 Rac8 22. Qd2 Ne7 23. Rd7 Rcd8 24. Nxe7+ Kh8 25. Rxd8 Rxd8 26. Nd5 Qd6 27. Bg4 Kg7 28. Rd1 Bd4 29. Ne3 Kh8 30. Nf5 Qf8 31. Qh6 Qxh6 32. Nxh6 Kg7 33. Nf5+ Kf8 34. Nxd4 cxd4 35. Kf1 Ke7 36. Ke2 h6 37. Kd3 h5 38. Bf5 h4 39. Rc1 hxg3 40. fxg3 Rh8 41. h4 Kd6 42. Rc8 Rh6 43. b4 Rh5 44. Kxd4 Rh6 45. Ra8 1-0

[Event "Sochi ChessAmateur op10"]
[Site "Sochi"]
[Date "2018.10.16"]
[Round "7"]
[White "Irkha, Alexey"]
[Black "Nazaryev, Sergey"]
[Result "1/2-1/2"]
[WhiteElo "2107"]
[BlackElo "2290"]
[PlyCount "57"]
[EventDate "2018.10.12"]
[EventType "swiss"]
[EventRounds "9"]
[EventCountry "RUS"]
[SourceTitle "CBM 187 Extra"]
[Source "ChessBase"]
[SourceDate "2018.11.04"]
[SourceVersion "1"]
[SourceVersionDate "2018.11.04"]
[SourceQuality "1"]

1. d4 Nf6 2. c4 e6 3. Nf3 c5 4. d5 b5 5. Bg5 b4 6. e4 d6 7. Nbd2 e5 8. h3 Be7 9. Be3 0-0 10. Be2 Ne8 11. Qc2 a5 12. a3 Na6 13. 0-0 g6 14. Ne1 Bg5 15. f4 exf4 16. Bxf4 Bxf4 17. Rxf4 Qg5 18. Rf2 Ra7 19. Nef3 Qe7 20. Raf1 Nb8 21. Qd3 Nd7 22. a4 Nb6 23. b3 Nd7 24. Qe3 f6 25. Nh2 Ne5 26. Qg3 Qg7 27. Ng4 Raf7 28. Nxe5 fxe5 29. Rxf7 1/2-1/2